000 00441nam a2200169 a 4500
001 13624
003 CO-ViMGA
008 141112s2004 ck r 000 u spa d
040 _aCO-ViMGA
_bspa
_cCO-ViMGA
082 0 4 _a924.61 V153j
100 1 _aValdano, Juan
_919864
245 1 0 _aJuan Montalvo
260 _aQuito :
_bIndoAméricana,
_cs.f.
300 _a125
650 1 4 _aMONTALVO, JUAN - CRITICA E INTERPRETACION
_919865
942 _2ddc
_cBK
999 _c24348
_d24348